Normal view
MARC view
Entry Personal Name
001 - CONTROL NUMBER
- control field: 51319
003 - CONTROL NUMBER IDENTIFIER
- control field: dpl
005 - DATE AND TIME OF LATEST TRANSACTION
- control field: 20120822101159.0
008 - FIXED-LENGTH DATA ELEMENTS
- fixed length control field: 120822|||a|||||| | ||| d
040 ## - CATALOGING SOURCE
- Original cataloging agency: dpl
- Transcribing agency: dpl
100 ## - HEADING--PERSONAL NAME
- Personal name: Prasad, L.M.
670 ## - SOURCE DATA FOUND
- Source citation: Work cat.: (dpl)1540: Prasad, L.M., Organisational behaviour, 2006
670 ## - SOURCE DATA FOUND
- Source citation: Work cat.: (dpl)1540: Prasad, L.M., Organisational behaviour, 2006
